000
00300nam a2200109Ia 4500
008
151021s9999 xx 000 0 und d
050
_a
PL 8704 .W433K5 1985
245
_a
_Kikulacho / Zainab B.A. Wahab
260
_a
Nairobi : K L B, 1985
300
_a
139 p.
980
_a
^d20110421 12:50:03^okilerai
999
_c
7117
_d
7117